000 00264nmm a2200085Ia 4500
008 220120s9999||||xx |||||||||||||||||und||
100 _aKotur, P.B
245 0 _aComputer concepts & C programming ; 100 tested C prog. to en
260 _aSapna book house
_bNew Delhi
_c2006
999 _c139449
_d139449